Mathematical Analysis (Record no. 216707)

MARC details
000 -LEADER
fixed length control field 00514nam a2200205Ia 4500
008 - FIXED-LENGTH DATA ELEMENTS--GENERAL INFORMATION
fixed length control field 240823s9999||||xx |||||||||||||| ||und||
020 ## - INTERNATIONAL STANDARD BOOK NUMBER
International Standard Book Number 978-81-7381-780-9
082 ## - DEWEY DECIMAL CLASSIFICATION NUMBER
-- 515 Q2
100 ## - MAIN ENTRY--PERSONAL NAME
Personal name Ajay Kr Chaudhuri
245 #0 - TITLE STATEMENT
Title Mathematical Analysis
250 ## - EDITION STATEMENT
Edition statement 1st
260 ## - PUBLICATION, DISTRIBUTION, ETC. (IMPRINT)
Date of publication, distribution, etc 2012
Name of publisher, distributor, etc "New Central Book Agency,Calcutta"
500 ## - GENERAL NOTE
General note YES
650 ## - SUBJECT ADDED ENTRY--TOPICAL TERM
Topical term or geographic name as entry element Mathematical Analysis
700 ## - ADDED ENTRY--PERSONAL NAME
Personal name Pratikshan Mondai
942 ## - ADDED ENTRY ELEMENTS (KOHA)
Item type Books
Holdings
Withdrawn status Lost status Damaged status Permanent location Current location Date acquired Source of acquisition Cost, normal purchase price Full call number Barcode Date last seen Koha item type
      CENTRAL LIBRARY, NOORUL ISLAM CENTRE FOR HIGHER EDUCATION CENTRAL LIBRARY, NOORUL ISLAM CENTRE FOR HIGHER EDUCATION 02/01/2014 TBH Library Book Suppliers 485.00 515 Q2 66298 08/23/2024 Books
Visitors:
Copyright © 2024 Central Library NICHE.  All rights reserved.